El anl̀isis econm̤ico del Derecho

Detalles Bibliográficos
Autor principal: Chiassoni, Pierluigi
Formato: eBook
Lenguaje:español
Publicado: Lima: Palestra Editores, 2020
Materias:
Acceso en línea:Acceso restringido

MARC

LEADER 00000nam a22000007a 4500
005 20220819234423.0
007 cr|||| ||||
008 220819s2020 pe |||||s|||| 00||0 spa d
020 |a 9786123251420 
035 |a 36906 
040 |a vLex 
090 |c 13766  |d 13766 
100 1 |a Chiassoni, Pierluigi 
245 1 2 |a El anl̀isis econm̤ico del Derecho  |h [Recurso electrn̤ico] /  |c Pierluigi Chiassoni 
256 |a Servicio en ln̕ea 
260 |a Lima:  |b Palestra Editores,  |c 2020 
300 |a 1 recurso electrn̤ico 
500 |a Esta obra pretende explicar de manera clara y sintťica diversos conceptos utilizados en la perspectiva econm̤ica del derecho, desde sus org̕enes, pasando por los aportes de diversos economistas y juristas, hasta su estrecha relacin̤ con el razonamiento jurd̕ico. Con este libro, Chiassoni tuvo como objetivo llegar a la comunidad jurd̕ica en general y dejar en claro las principales nociones y teora̕s del Anl̀isis Econm̤ico del Derecho, campo interdisciplinario con gran relevancia. 
506 1 |a Disponible solo en los productos indicados  |d vLex Global  |d vLex Global (Academic Edition, excluding Law Schools)  |d vLex Global (U.S. Academic Edition, Law Schools)  |d vLex Global (U.S. Academic Edition, excluding Law Schools)  |d vLex Global (Academic Edition, Law Schools) 
650 0 4 |a Derecho Militar  |z Per︢ 
650 0 4 |a Filosofa̕ y religin̤  |z Per︢ 
740 0 |a vLex Libros (Servicio en ln̕ea) 
856 4 0 |u https://app.vlex.com/#/sources/36906  |z Acceso restringido 
942 |c BOOK 
999 0 |a Military Law 
999 0 |a Philosophy and religion